Responses for Show #6746 - Monday, January 6, 2014

Contestants

[<< previous game]

Mary Manhardt, a documentary film editor from New York, New York

Eric Brach, a teacher and author from Culver City, California

Sarah Olson, a project coordinator from El Cerrito, California (whose 2-day cash winnings total $27,401)

[next game >>]

Jeopardy! Round responses

"U". "S". CITIES
(Alex: Each correct response will begin with the letter U or the letter S.)
GREEN THINGS
TV ANCHORS AWEIGH!
MEYER TO NAUVOO
(Alex: Each correct response will relate to something you can find In the Encyclopedia Americana between Meyer and Nauvoo.)
BODY PART PREFIXES
SPACE SHUTTLE ENDEAVOUR
(Kelly: From L.A.'s Science Center, clues about its adventures as it went around the world nearly 5,000 times.)
    $200 17
Sacramento

Eric
    $200 11
Ireland

Eric
    $200 27
Brian Williams

Sarah
    $200 6
mile

Sarah
    $200 1
skin

Sarah
    $200 23
the Hubble Space Telescope

Mary
    $400 16
Savannah

Mary
    $400 10
pistachios

Sarah
    $400 26
(Eric: Who is Dan Rather?)

Scott Pelley

Eric
Triple Stumper
    $400 7
molasses

Sarah
    $400 2
tongue

Sarah
    $400 24
the ISS (the International Space Station)

Sarah
    $600 9
Urbana

Eric
    $600 20
a sword

Eric
    $600 8
Mikado

Eric
    $600 3
(Sarah: What is brain?)

head

SarahMary
    $600 13
extravehicular

Sarah
    $800 12
(Mary: What is Schenectady?)

Syracuse

EricMary
    $800 18
0 & 00

Eric
    $800 22
(Mary: Who is Nancy Grace?)

Megyn Kelly

Mary
Triple Stumper
    $800 14
montage

Eric
    $800 4
(Sarah: Uh, what is female?)
(Alex: Be a little more specific.)

uterus

Sarah
    $800 25
Mir

Eric
    $1000 21
(Sarah: What is Schenectady?)

Utica

Sarah
Triple Stumper
    $1000 15
an anole

Triple Stumper
    $1000 28
Wolf Blitzer

Triple Stumper
    $1000 19
(Thomas) Nast

Mary
    $1000 5
eyelid

Sarah
    $1000 29
[The end-of round signal sounds.]

the mountain gorilla

Triple Stumper

Scores at the first commercial break (after clue 15):

Sarah Eric Mary
$3,400 $3,000 -$200

Scores at the end of the Jeopardy! Round:

Sarah Eric Mary
$3,000 $5,000 $600

Double Jeopardy! Round responses

BOOKS & AUTHORS
IT'S A RAP
SLEEPING WITH THE "NME"
EUROPEAN HISTORY
EAT, DRINK
& BE MARY
    $400 1
(John) Grisham

Mary
    $400 20
Notorious B.I.G.

Mary
    $400 24
Portugal

Mary
    $400 6
espresso

Sarah
    $400 15
Mary Tyler Moore

Mary
    $800 2
The Sisterhood of the Traveling Pants

Sarah
    $800 11
Grandmaster Flash

Eric
    $800 13
alignment

Eric
    $3,000 25
the Easter Rebellion

Mary
    $800 7
tart

Sarah
    $800 14
Louisiana

Mary
    $1200 3
Staircase

Mary
    $1200 21
"Brooklyn"

Eric
    $1200 10
unmentionables

Eric
    $1200 12
(Sarah: What is Yugoslavia?)

Bosnia-Herzegovina

Sarah
Triple Stumper
    $1200 8
challah

Mary
    $1200 16
Blessed Virgin Mary

Mary
    $2,000 4
Tales of the South Pacific

Mary
    $1600 28
Doctor Dre

Mary
    $1600 22
gunmetal

Sarah
    $1600 26
Trent

Triple Stumper
    $1600 9
an apple

Eric
    $1600 17
William (of Orange)

Mary
    $2000 5
Goodbye, Columbus

Mary
    $2000 29
[The end-of-round signal sounds.]

Kareem Abdul-Jabbar

Mary
    $2000 23
Erlenmeyer

Eric
    $2000 27
the Jacobins

Triple Stumper
    $2000 19
Minute Maid

Triple Stumper
    $2000 18
Mary Surratt

Triple Stumper

Scores at the end of the Double Jeopardy! Round:

Sarah Eric Mary
$5,400 $12,600 $18,800

[wagering suggestions for these scores]

Final Jeopardy! Round responses

BROADWAY ACTRESSES
(Alex: Eric, let's take--you're smiling, and why are you smiling? Because you paid a tribute to Elizabeth Brach, who is your...)
(Eric: Grandmother.)
(Alex: Your grandmother. Okay. You're gonna lose money because of Granny.)
SarahWho is Fanny Brice? Carol Channing?
$5,400
EricWho is Elizabeth Brach?
$100
MaryWho is Carol Chann
$4,399
Carol Channing

Final scores:

Sarah Eric Mary
$10,800 $12,500 $14,401
3rd place: $1,000 2nd place: $2,000 New champion: $14,401

Game dynamics:

Coryat scores:

Sarah Eric Mary
$5,400 $12,600 $16,200
14 R,
3 W
15 R
(including 1 DD),
1 W
18 R
(including 2 DDs),
2 W

Combined Coryat: $34,200

[game clues] [game scores] [suggest correction]

Game tape date: 2013-11-05
The J! Archive is created by fans, for fans. Scraping, republication, monetization, and malicious use prohibited; this site may use cookies and collect identifying information. See terms. The Jeopardy! game show and all elements thereof, including but not limited to copyright and trademark thereto, are the property of Jeopardy Productions, Inc. and are protected under law. This website is not affiliated with, sponsored by, or operated by Jeopardy Productions, Inc. Join the discussion at JBoard.tv.